| 000 | 00464nam a22001817a 4500 | ||
|---|---|---|---|
| 003 | CEME | ||
| 005 | 20210628202502.0 | ||
| 008 | 210122b xxu||||| |||| 00| 0 eng d | ||
| 020 | _a81-297-0404-8 | ||
| 040 | _c. | ||
| 082 | _a005.43 RAY | ||
| 100 |
_aRaymond, Eric .Steven _960107 |
||
| 245 | _aThe art of unix programming | ||
| 260 |
_aNEW DELHI _bPEARSON EDUCATION _c2004 |
||
| 300 | _aXXXII,530 P | ||
| 650 |
_aUNIX PROGRAMMING. _960108 |
||
| 942 |
_cBK _2ddc |
||
| 999 |
_c569924 _d569924 |
||